Southville International School and Colleges
Your cart is empty.
  • Cart
  • Lists
    Public lists Eva Luna New books Lux_list list_1
    Your lists Log in to create your own lists
  • Log in to your account
  • Your cookies
  • Search history
Southville International School and Colleges
  • Advanced search
  • Recent comments
  • Most popular
  • Libraries

Log in to your account

Log in with GOOGLE


If you do not have an external account, but do have a local account, you can still log in:

  1. Home
  2. MARC view: GABRA2, Alcohol and illicit drug use: An event-level model of genetic risk for polysubstance use /
Normal view MARC view ISBD view

GABRA2, Alcohol and illicit drug use: An event-level model of genetic risk for polysubstance use / (Record no. 361854)

[ view plain ]
MARC details
000 -LEADER
fixed length control field 00676nam a2200193Ia 4500
008 - FIXED-LENGTH DATA ELEMENTS--GENERAL INFORMATION
fixed length control field 190511s9999 xx 000 0 und d
100 ## - MAIN ENTRY--PERSONAL NAME
Personal name Mallard, Travis T.
245 ## - TITLE STATEMENT
Title GABRA2, Alcohol and illicit drug use: An event-level model of genetic risk for polysubstance use /
245 ## - TITLE STATEMENT
Statement of responsibility, etc Travis T. Mallard, James R. Ashenhurst, K. Paige Harden, and Kim Fromme.--
260 ## - PUBLICATION, DISTRIBUTION, ETC. (IMPRINT)
Name of publisher, distributor, etc American Psychological Association
260 ## - PUBLICATION, DISTRIBUTION, ETC. (IMPRINT)
Date of publication, distribution, etc 2018
300 ## - PHYSICAL DESCRIPTION
Extent Pages 190-201, February 2018
440 ## - SERIES STATEMENT/ADDED ENTRY--TITLE
Title Journal of Abnormal Psychology
Volume number/sequential designation 127(2)
650 ## - SUBJECT ADDED ENTRY--TOPICAL TERM
Topical term or geographic name as entry element GABRA2
650 ## - SUBJECT ADDED ENTRY--TOPICAL TERM
Topical term or geographic name as entry element Genetics
650 ## - SUBJECT ADDED ENTRY--TOPICAL TERM
Topical term or geographic name as entry element Longitudinal
650 ## - SUBJECT ADDED ENTRY--TOPICAL TERM
Topical term or geographic name as entry element Substance use
856 ## - ELECTRONIC LOCATION AND ACCESS
Uniform Resource Identifier <a href="www.apa.org/pubs/journals/abn">www.apa.org/pubs/journals/abn</a>
Holdings
Withdrawn status Lost status Damaged status Home library Current library Date acquired Total Checkouts Date last seen Price effective from Koha item type
      College Library College Library 05/11/2019   05/11/2019 05/11/2019 Periodicals

GABRA2, Alcohol and illicit drug use: An event-level model of genetic risk for polysubstance use /

APA

Mallard T. T., .GABRA2, Alcohol and illicit drug use: An event-level model of genetic risk for polysubstance use. : American Psychological Association.

Chicago

Mallard Travis T, .GABRA2, Alcohol and illicit drug use: An event-level model of genetic risk for polysubstance use. : American Psychological Association.

Harvard

Mallard T. T., .GABRA2, Alcohol and illicit drug use: An event-level model of genetic risk for polysubstance use. : American Psychological Association.

MLA

Mallard Travis T, .: American Psychological Association. .

  • Place hold
  • Print
  • Cite
  • Add to your cart (remove)
  • Save record
    BIBTEX Dublin Core MARCXML MARC (non-Unicode/MARC-8) MARC (Unicode/UTF-8) MARC (Unicode/UTF-8, Standard) MODS (XML) RIS
  • More searches
    Search for this title in:
    Other Libraries (WorldCat) Other Databases (Google Scholar) Online Stores (Bookfinder.com) Open Library (openlibrary.org)

Exporting to Dublin Core...

SOUTHVILLE LIBRARY

Southville International School and Colleges Library

1281 Tropical Ave. Cor. Luxembourg St., BF Homes International, Las Pinas City

Tel. No. 8256374 / 252358 Loc. 117/146

Powered by Koha